|
|
|
|
| LEADER |
00947nam a22002417a 4500 |
| 001 |
38072 |
| 003 |
BD-DhAAL |
| 008 |
220313t2005 bg ab 000 0 eng d |
| 999 |
|
|
|c 43747
|d 43747
|
| 020 |
|
|
|a 9843227352
|
| 040 |
|
|
|a BD-DhAAL
|
| 082 |
|
|
|a 323.095492
|2 23
|
| 245 |
|
|
|a Human rights in Bangladesh,
|n 2004 /
|c edited by Hameeda Hossain
|
| 260 |
|
|
|a Dhaka :
|b Ain o Salish Kenda,
|c 2005.
|
| 300 |
|
|
|a 244 pages :
|b illustrations, map ;
|c 22 cm.
|
| 541 |
|
|
|a Donated By Akbar Ali Khan
|e 38072
|
| 650 |
|
|
|a Human rights
|z Bangladesh.
|9 46793
|
| 650 |
|
|
|a Civil rights
|z Bangladesh.
|9 46794
|
| 651 |
|
|
|a Bangladesh
|x Politics and government
|y 1971-
|9 46795
|
| 700 |
|
|
|a Hossain, Hameeda
|9 46796
|
| 852 |
|
|
|a Ayesha Abed Library
|c Akbar Ali Khan Collection
|
| 942 |
|
|
|2 ddc
|c BK
|
| 952 |
|
|
|0 0
|1 0
|2 ddc
|4 0
|6 323_095492000000000_HUM
|7 1
|9 70098
|a BRACUL
|b BRACUL
|c AAKC
|d 2022-03-13
|e Donated by Akbar Ali Khan
|l 0
|o 323.095492 HUM
|p 3010038072
|r 2022-03-13
|t 1
|w 2022-03-13
|y BK
|